| 000 | 00699nam a2200229Ia 4500 | ||
|---|---|---|---|
| 001 | 18040 | ||
| 003 | GE_BSU | ||
| 008 | 181216s||||||||xx |||||||||||||| ||und|| | ||
| 040 | _cGE_BSU | ||
| 080 | _a821.353.1-1 | ||
| 100 | _aკონცელიძე-ჯაბნიძე, ნანა | ||
| 245 | _aვედრება | ||
| 245 | _bლექსები | ||
| 245 | _cრედ. ზ. ფირხალაიშვილი. მხატვ. ლიანა თევზაძე | ||
| 260 | _aბათუმი | ||
| 260 | _bაჭარა | ||
| 260 | _c2002 | ||
| 300 | _a147გვ.18სმ. | ||
| 653 | _aვედრება | ||
| 653 | _aლექსები | ||
| 942 | _cBK | ||
| 999 |
_c51083 _d51083 |
||